000 00614nam a22001817a 4500
003 BUBTL
008 190305b xxu||||| |||| 00| 0 eng d
020 _a984-868-466-2
082 _a891.443 / AHM
100 _91703
_aআহমেদ,হুমায়ূন
245 _aমিসির আলির চশমা /
_cহুমায়ূন আহমেদ
260 _aঢাকা :
_bঅন্য প্রকাশ,
_c c2008
300 _a80 p. :
_c21.5 cm.
650 0 _91687
_aবাংলা সাহিত্য
856 _k0
_l0
_yDownload
942 _2ddc
_cBK
999 _c5893
_d5893